|
|
|
|
| LEADER |
00000nam a2200000 a 4500 |
| 001 |
vtls011495571 |
| 003 |
SK-MaSNL |
| 005 |
20260301040528.0 |
| 008 |
181130s2015 xo g n 000 0 slo |
| 015 |
|
|
|a SNBA2016/03
|
| 020 |
|
|
|a 9788055514468
|q (viaz.)
|
| 035 |
|
|
|a urn:nbn:sk:snk-am00a4cf
|
| 035 |
|
|
|a urn:nbn:sk:snk-am3h95s
|
| 035 |
|
|
|a 78361A3C-0A2E-4379-8984-AB999ABA1FF4
|
| 040 |
|
|
|a SNK
|b slo
|c SNK
|e AACR2
|
| 041 |
0 |
|
|a slo
|
| 044 |
|
|
|a xo
|c SK
|
| 072 |
|
7 |
|a 2
|x Náboženstvo
|2 konspekt
|
| 080 |
|
|
|a 2-1
|2 2001
|
| 080 |
|
|
|a 2-67
|2 2011
|
| 080 |
|
|
|a (048.8)
|2 2011
|
| 245 |
0 |
0 |
|a Religiozita v perspektíve súčasných zmien
|c Baloghová ... [et al.] ; [editor Barbara Baloghová]
|
| 260 |
|
|
|a Prešov
|b Vydavateľstvo Prešovskej univerzity
|c 2015
|
| 300 |
|
|
|a 146 s.
|c 21 cm
|
| 504 |
|
|
|a Bibliogr. odkazy ; bibliogr.: s. [133]-146 ; pozn.
|
| 650 |
0 |
7 |
|a religiozita
|2 SNKPH
|9 4051
|
| 650 |
0 |
7 |
|a Religiosity
|2 SNKPHeng
|9 315600
|
| 650 |
0 |
7 |
|a náboženstvo a spoločnosť
|2 SNKPH
|9 4228
|
| 650 |
0 |
7 |
|a Religion and society
|2 SNKPHeng
|9 302694
|
| 655 |
|
7 |
|a monografie
|2 SNKPH
|9 70139
|
| 655 |
|
7 |
|a Monographs
|2 SNKPHeng
|9 120675
|
| 700 |
1 |
|
|a Baloghová, Barbara
|4 aut
|4 edt
|9 313269
|
| 700 |
1 |
|
|a Kurilcová, Katarína
|4 aut
|9 340836
|
| 700 |
1 |
|
|a Malcovská, Jana
|4 aut
|9 340837
|
| 700 |
1 |
|
|a Nováková, Silvia
|4 aut
|9 340838
|
| 919 |
|
|
|a 978-80-555-1446-8
|
| 958 |
|
|
|a NT
|
| 958 |
|
|
|a NB
|
| 999 |
|
|
|c 586313
|d 588243
|
| 952 |
|
|
|a SNK
|b SNK
|y PREZ
|7 0
|p 17A1180673
|o snkSC 168279
|i snk2016/4542
|8 0
|0 0
|1 0
|4 0
|d 2016-02-18
|f 1
|l 0
|r 2026-02-23 15:08:49
|w 2026-02-23
|
| 952 |
|
|
|a SNK
|b SNK
|y VYP
|7 0
|p 17A1180674
|o snkSC 168279 D1
|i snk2016/4545
|8 0
|0 0
|1 0
|4 0
|d 2016-02-18
|l 0
|r 2026-02-23 15:08:49
|w 2026-02-23
|